Music Quiz

Random Music or Lyrics Quiz

Guess the All Time Low Lyrics 4 Quiz Stats

 Plays Quiz not verified by Sporcle

Challenge
Share
Tweet
Embed
Score 0/226 Timer 07:00
0 Plays Today
Lyrics % Correct
I
97.7%
I
97.7%
I
97.7%
I
97.7%
I
97.7%
I
97.7%
I
97.7%
I
97.7%
I
97.7%
I
97.7%
I
97.7%
I
97.7%
I
97.7%
I
97.7%
I
97.7%
a
93.6%
a
93.6%
a
93.6%
and
93.6%
the
93.6%
a
93.6%
and
93.6%
the
93.6%
a
93.6%
and
93.6%
and
93.6%
the
93.6%
you
85.4%
you
85.4%
you
85.4%
you
85.4%
you
85.4%
you
85.4%
you
85.4%
you
85.4%
you
85.4%
we
69%
me
68.8%
me
68.8%
me
68.8%
me
68.8%
me
68.8%
me
68.8%
your
67.2%
your
67.2%
to
66.7%
to
66.7%
to
66.7%
in
60.6%
in
60.6%
in
60.6%
in
60.6%
no
55.1%
no
55.1%
no
55.1%
no
55.1%
is
54%
is
54%
I'm
53.8%
I'm
53.8%
I'm
53.8%
I'm
53.8%
I'm
53.8%
i'm
53.8%
I'm
53.8%
I'm
53.8%
so
52.6%
so
52.6%
so
52.6%
so
52.6%
so
52.6%
so
52.6%
so
52.6%
so
52.6%
so
52.6%
of
49.4%
Lyrics % Correct
of
49.4%
my
48%
my
48%
love
47.9%
that
47.6%
that
47.6%
that
47.6%
that
47.6%
she
45.5%
she
45.5%
she
45.5%
she
45.5%
were
43.3%
when
42.8%
when
42.8%
when
42.8%
when
42.8%
was
41.4%
just
41.2%
just
41.2%
see
40.5%
see
40.5%
can't
38.9%
can't
38.9%
can't
38.9%
from
37.3%
not
37.1%
want
36.4%
want
36.4%
but
35.1%
but
35.1%
now
34.6%
now
34.6%
down
34%
down
34%
down
34%
down
34%
down
34%
down
34%
take
33.5%
take
33.5%
take
33.5%
take
33.5%
take
33.5%
take
33.5%
here
29.6%
here
29.6%
thin
29.2%
face
28.7%
face
28.7%
let
28.5%
Let
28.5%
let
28.5%
away
28.2%
has
28.2%
has
28.2%
away
28.2%
away
28.2%
away
28.2%
away
28.2%
away
28.2%
has
28.2%
away
28.2%
has
28.2%
away
28.2%
every
27.5%
there's
27.3%
there's
27.3%
leave
26.7%
leave
26.7%
leave
26.7%
leave
26.7%
never
26.6%
never
26.6%
break
26.4%
come
26.2%
Lyrics % Correct
come
26.2%
get
26%
because
25.5%
because
25.5%
dream
24.2%
dream
24.2%
even
23.4%
even
23.4%
running
22.6%
idea
22.6%
idea
22.6%
idea
22.6%
idea
22.6%
piece
21.9%
wanna
21.6%
wanna
21.6%
around
21%
around
21%
city
20.9%
dreaming
20.7%
made
20.5%
shouldn't
20.1%
burning
19.8%
breathe
19.8%
breathe
19.8%
breathe
19.8%
breathe
19.8%
world
19.4%
over
18.7%
new
18.5%
everytime
17.8%
everytime
17.8%
everytime
17.8%
crash
17.1%
far
16.9%
far
16.9%
far
16.9%
far
16.9%
far
16.9%
far
16.9%
much
16.6%
She's
16.4%
she's
16.4%
tells
16.2%
truth
16%
truth
16%
stay
15.7%
well
15.5%
escape
15.3%
until
15.2%
until
15.2%
telling
15.2%
until
15.2%
until
15.2%
words
14.3%
words
14.3%
words
14.3%
sleep
12.3%
grip
12.1%
slip
11.9%
clumsy
11.9%
close
11.9%
close
11.9%
paper
11.6%
trip
11.4%
under
10.4%
careless
10%
fingerprints
9.4%
spoken
9.3%
softly
8.9%
change
5.9%
verse
5.2%
verse
5.2%
verse
5.2%

You're not logged in!

Compare scores with friends on all Sporcle quizzes.
Join for Free
OR
Log In

You Might Also Like...

Show Comments

Extras

Created Nov 20, 2011ReportNominate
Tags:Lyrics Quiz, alex, dawson, jack, low, time, zack

Top Quizzes Today


Score Distribution

Your Account Isn't Verified!

In order to create a playlist on Sporcle, you need to verify the email address you used during registration. Go to your Sporcle Settings to finish the process.

Report this User

Report this user for behavior that violates our Community Guidelines.

Details: